| 000 | 00451ntaaa2200181 4500 | ||
|---|---|---|---|
| 003 | 01 | ||
| 005 | 20251027201618.0 | ||
| 008 | 0714s1973 ag 01 | ||
| 040 |
_aAR-BaBN _bspa _cAR-BaBN _eaacr _dRIC |
||
| 082 | _a248.2700 H79 | ||
| 100 |
_aHostetter, B. Charles _910552 |
||
| 245 | _aHow to grow in the christian life | ||
| 250 | _a1 ed. | ||
| 260 |
_aChicago : _bMoody Press, _cc1960 |
||
| 300 | _a95 p | ||
| 500 | _aLa vida cristiana | ||
| 942 | _cBK | ||
| 999 |
_c10745 _d10745 |
||